000 00650nam a2200193Ia 4500
005 20240827054308.0
008 240331s9999 xx 000 0 und d
020 _a8185107432
082 _bINN
_a800
245 0 _aInner Spaces :
_bnew writings by women from Kerala
260 _aNew Delhi
_bKali for women
_c1994
300 _axvii, 125 p .,
500 _aThis rich and varied selection of stories provides a taste of women's writing in kerala from the thirties to the present day.
700 _aGeorge M.K
_eedt
700 _aJames, Jancy
_eedt
700 _aSankaranarayanan, Vasanthi
_eedt
700 _aMahadevan, Raj Kamini
_eedt
942 _cL
999 _c3106
_d3106